| 000 | 00559nam a22001817a 4500 | ||
|---|---|---|---|
| 005 | 20251108171851.0 | ||
| 008 | 250721s1995 xx 000 0 ara d | ||
| 082 | 1 | 4 | _a621.388/عام |
| 100 | 1 | _aالعامري، فاروق محمد | |
| 245 | 1 | 0 | _aهوائيات التليفزيون / |
| 246 | 1 | 1 | _aTvantennas VHF - UHF |
| 264 | 1 |
_aالقاهرة : _bالدار المصرية اللبنانية، _c1995. |
|
| 300 | _a219ص | ||
| 650 | 1 | 7 | _aالتلفزيون |
| 650 | 1 | 7 | _aالهندسة الإلكترونية |
| 942 |
_2ddc _cBK |
||
| 999 |
_c64682 _d64682 |
||